| 000 | 00685nam a2200193 a 4500 | ||
|---|---|---|---|
| 001 | 000022376 | ||
| 005 | 20250203093855.0 | ||
| 008 | 101006s1999 dr 000 0 spa d | ||
| 040 |
_aDO-SdBNP _bspa _cBNPHU |
||
| 082 |
_a305.873 _bM559v, 1999 |
||
| 100 | 1 |
_aMerejo, Andrés _9469 |
|
| 245 | 1 | 3 |
_aLa vida americana en el siglo XXI / _cAndrés Merejo ; cuidado de edición Diógenes Céspedes ; prólogo Viriato Sención. |
| 250 | _a2a ed. | ||
| 260 |
_aSanto Domingo : _bDe Colores, _c1999. |
||
| 300 |
_a127 p. _a23 cm. |
||
| 500 | _aIncluye datos biográficos del autor en la contracubierta | ||
| 590 | _aInventariado, 2019/ YL | ||
| 700 |
_aSención, Viriato, _d1941- _epról. _927776 |
||
| 999 |
_c21874 _d21874 |
||